<?xml version="1.0" encoding="UTF-8"?><?xml-stylesheet type="text/xsl" href="static/style.xsl"?><OAI-PMH xmlns="http://www.openarchives.org/OAI/2.0/" xmlns:xsi="http://www.w3.org/2001/XMLSchema-instance" xsi:schemaLocation="http://www.openarchives.org/OAI/2.0/ http://www.openarchives.org/OAI/2.0/OAI-PMH.xsd"><responseDate>2026-04-17T05:23:31Z</responseDate><request verb="GetRecord" identifier="oai:www.recercat.cat:10256/20446" metadataPrefix="marc">https://recercat.cat/oai/request</request><GetRecord><record><header><identifier>oai:recercat.cat:10256/20446</identifier><datestamp>2024-06-18T12:32:41Z</datestamp><setSpec>com_2072_452955</setSpec><setSpec>com_2072_2054</setSpec><setSpec>col_2072_453072</setSpec></header><metadata><record xmlns="http://www.loc.gov/MARC21/slim" xmlns:dcterms="http://purl.org/dc/terms/" xmlns:xsi="http://www.w3.org/2001/XMLSchema-instance" xmlns:doc="http://www.lyncode.com/xoai" xsi:schemaLocation="http://www.loc.gov/MARC21/slim http://www.loc.gov/standards/marcxml/schema/MARC21slim.xsd">
   <leader>00925njm 22002777a 4500</leader>
   <datafield ind2=" " ind1=" " tag="042">
      <subfield code="a">dc</subfield>
   </datafield>
   <datafield ind2=" " ind1=" " tag="720">
      <subfield code="a">Blasco-Belled, Ana</subfield>
      <subfield code="e">author</subfield>
   </datafield>
   <datafield ind2=" " ind1=" " tag="720">
      <subfield code="a">Alsinet, Carles</subfield>
      <subfield code="e">author</subfield>
   </datafield>
   <datafield ind2=" " ind1=" " tag="260">
      <subfield code="c">2022-01-18</subfield>
   </datafield>
   <datafield ind2=" " ind1=" " tag="520">
      <subfield code="a">The proliferation of mental health research is orienting its efforts towards the exploration of psychological well-being. One of the main burdens is the measurement challenges reported by the widely used Psychological Well-Being Scale (PWBS), which has often been criticized for inconsistencies between the theoretical and the empirical model. A potential alternative to understand the structure of psychological well-being is network models, which conceptualizes psychological phenomena as emerging systems of mutually connected variables. Employing exploratory graph analysis, we examined the network structure of the Spanish 29-item PWBS in a random sample of 1,404 adults. We estimated a regularized partial correlation network using the graphical LASSO algorithm in the item and dimension level. We tested the stability of both networks and identified the most important variables of the network. The PWBS network model revealed four dimensions, with self-acceptance, life purpose and environmental mastery clustering together. Node strength centrality suggested that self-acceptance is the most central dimension in the psychological well-being structure as measured by the PWBS. Despite the network model of psychological well-being did not replicate the theoretical structure of Ryff's model, it provides a novel conceptualization of psychological well-being and proposes target indicators for mental health interventions</subfield>
   </datafield>
   <datafield ind2=" " ind1=" " tag="520">
      <subfield code="a">Open Access funding provided thanks to the CRUE-CSIC agreement with Wiley</subfield>
   </datafield>
   <datafield ind1="8" ind2=" " tag="024">
      <subfield code="a">http://hdl.handle.net/10256/20446</subfield>
   </datafield>
   <datafield tag="653" ind2=" " ind1=" ">
      <subfield code="a">Benestar psicològic</subfield>
   </datafield>
   <datafield tag="653" ind2=" " ind1=" ">
      <subfield code="a">Psychological welfare</subfield>
   </datafield>
   <datafield ind2="0" ind1="0" tag="245">
      <subfield code="a">The architecture of psychological well-being: A network analysis study of the Ryff Psychological Well-Being Scale</subfield>
   </datafield>
</record></metadata></record></GetRecord></OAI-PMH>